000 00529nam a2200181Ia 4500
005 20250508152537.0
008 008 250505s9999 xx 000 0 eng d
037 _aTextual
040 _aFEDL
_beng
_cFEDL
041 _aeng
_2eng
084 _aF, DUV
_qFEDL
100 _aDuvoisin Roger
_9349813
245 0 _aFairy tales from switzerland: The three sneezes and other fairy tales
260 _aLondon, UK
_bFrederick Muller Limited
_c1958
300 _a232p
942 _cTEXL
_hF, DUV
999 _c1337124
_d1337124